Products in construction (Record no. 120904)

MARC details
000 -LEADER
fixed length control field 00720cad a22001815a 4500
001 - CONTROL NUMBER
control field L152797
008 - FIXED-LENGTH DATA ELEMENTS--GENERAL INFORMATION
fixed length control field 110503u2010 xxk g 000 0 eng d
035 ## - SYSTEM CONTROL NUMBER
System control number (Sirsi) u152797
041 0# - LANGUAGE CODE
Language code of text/sound track or separate title eng
110 2# - MAIN ENTRY--CORPORATE NAME
Corporate name or jurisdiction name as entry element Construction News
9 (RLIN) 2644
245 00 - TITLE STATEMENT
Title Products in construction
Medium [electronic resource]
520 ## - SUMMARY, ETC.
Summary, etc. Online directory of products from Construction News. Searching includes find a product or service, find by company and find by location; latest news on new products.
590 ## - LOCAL NOTE (RLIN)
Local note KA NTK
651 #4 - SUBJECT ADDED ENTRY--GEOGRAPHIC NAME
Geographic name United Kingdom
Chronological subdivision
690 ## - LOCAL SUBJECT ADDED ENTRY--TOPICAL TERM (OCLC, RLIN)
Topical term or geographic name as entry element BUILT ENVIRONMENT-CONSTRUCTION MARKET
856 40 - ELECTRONIC LOCATION AND ACCESS
Uniform Resource Identifier <a href="https://www.productsinconstruction.com/">https://www.productsinconstruction.com/</a>
Public note View the website free of charge at www.productsinconstruction.com
942 ## - ADDED ENTRY ELEMENTS (KOHA)
Suppress in OPAC 0
Holdings
Withdrawn status Lost status Source of classification or shelving scheme Damaged status Not for loan Home library Current library Shelving location Date acquired Total Checkouts Full call number Barcode Date last seen Copy number Price effective from Koha item type
    Dewey Decimal Classification     Virtual Virtual Online 03/05/2011   WEBSITE 152797-1001 06/08/2019 1 06/08/2019 Online material